000 00614nam a22001697a 4500
005 20231115104516.0
008 231115b |||||||| |||| 00| 0 eng d
020 _a0702122327
041 _aEnglish
082 _a344.1 STR
100 _lEnglish
245 _aStrikes Lock-Outs and Arbitration in South African Labour Law :
_bProceedings of the Labour Law Conference 1988 /
_cedited by P Benjamin, R Jacobus and C Albertyn
260 _aCape Town :
_bJuta and Company Ltd,
_c1989
300 _bxxiii, 182 pages ;
_c25,5 cm.
650 _aLegal practice
_bLaw
942 _cBK
_6ALISON_BN_VRIES
999 _c670
_d670